000 00377nam a2200133Ia 4500
005 20251222142015.0
008 251222s9999||||xx |||||||||||||| ||spa||
020 _a968-842-877-9
082 _a251.3/Z18
100 _aZahino Peñafort, Luisa
245 0 _aEl Cardenal Lorenzano y el IV Concilio Provincial Mexicano
264 _bUniversidad Autónoma de México
942 _cLIB
999 _c10473
_d10473